| 000 | 00840nam a22001815i 4500 | ||
|---|---|---|---|
| 001 | 158079 | ||
| 003 | ES-MaACL | ||
| 005 | 20230906211005.0 | ||
| 008 | 010521s1859 sp |||| | spa d | ||
| 040 |
_aCCPB | B _bspa _cCCPB | B |
||
| 100 | 1 |
_aLópez y González de Cano, Ramón. _9129244 |
|
| 245 | 1 | 0 |
_aAntecedente y exámen de la carta magna _b: discurso leído en la Universidad Central, en el acto solemne de recibir la investidura de doctor en la Facultad de Filosofía ... / _cpor Ramón López y González de Cano. |
| 260 |
_aMadrid : _b[s.n.], _c1859 ( _fimprenta y estereotipia de M. Rivadeneyra) |
||
| 300 |
_a15 p. ; _c24 cm. |
||
| 651 | 4 |
_aInglaterra- _xConstituciones. _9137225 |
|
| 752 |
_aEspaña - _dMadrid |
||
| 852 |
_aES-MaACL _jT-437-F-7 _z-- Enc. holandesa _q-- Falto de la cub. original _z-- Enc. en un vol. facticio |
||
| 999 |
_c158079 _d158079 |
||